Statystyki dla 10 Najmniej zanieczyszczonych krajów na świecice

Kliknij tutaj aby rozwiązać quiz!

Ogólne statystyki

  • Ten quiz został rozwiązany 88 razy
  • Średni wynik to 6 z 10

Statystyki odpowiedzi

HintOdpowiedź% Poprawnych
8.Islandia
82%
4.Australia
77%
5.Kanada
77%
1.Nowa Zelandia
77%
3.Szwecja
77%
6.Finlandia
75%
7.Stany Zjednoczone
57%
9.Estonia
43%
10.Hiszpania
26%
2.Brunei
8%

Rozkład punktacji

Percentyl według liczby udzielonych odpowiedzi

Procent ludzi z każdym wynikiem

Twoja historia wyników

Nie rozwiązałeś tego quizu